| 000 | 00651nam a2200241Ia 4500 | ||
|---|---|---|---|
| 003 | OSt | ||
| 005 | 20241107115026.0 | ||
| 008 | 210323s9999||||xx |||||||||||||| ||und|| | ||
| 040 | _cSTCPL | ||
| 041 | _aHIN | ||
| 041 | _hHND | ||
| 082 |
_aH09 _bRAG-M |
||
| 100 |
_aRaghav, Rangey _qरागàय राघव |
||
| 245 | 0 |
_aMahakavya Vivechan / _cby Raghav, Rangey _hमहाकाव्य विवàचन |
|
| 260 |
_aNew Delhi : _bSurya Publication Mandir , _c1980 . |
||
| 300 |
_a138 p. _bPB |
||
| 650 | _aLiterature | ||
| 650 | _aHindi | ||
| 650 | _aHistory | ||
| 650 | _aHistory of hindi literature | ||
| 942 | _cBK | ||
| 942 | _2ddc | ||
| 999 |
_c40318 _d40318 |
||